| 000 | 00422nam a2200181Ia 4500 | ||
|---|---|---|---|
| 008 | 170918s9999 xx 000 0 und d | ||
| 020 | _a9780330450973 | ||
| 050 | _bB175si 2007 | ||
| 100 | _aBaldacci, David | ||
| 245 | _aSimple genius / | ||
| 245 | _cby David Baldacci. | ||
| 260 | _aLondon : | ||
| 260 | _bPan Books, | ||
| 260 | _c2007 | ||
| 300 | _a577 pages : | ||
| 300 | _billustrations ; | ||
| 300 | _c17cm. | ||
| 999 |
_c344027 _d344027 |
||